000
00328nam a22001337a 4500
008
170328b xxu||||| |||| 00| 0 eng d
020
_a
9780073523781
041
_a
eng
080
_2
8TH
_a
796.3
100
_a
8
101
_a
SHM
245
_a
PHYSICAL EDUCATION, EXERCISE SCIENCE AND SPORT STUDIES
_c
LUMPKIN, A
942
_2
udc
_c
BK
999
_c
8783
_d
8783